| 000 | 00444nam a22001457a 4500 | ||
|---|---|---|---|
| 003 | OSt | ||
| 005 | 20150929163945.0 | ||
| 008 | 150929b xxu||||| |||| 00| 0 eng d | ||
| 040 | _cRUA | ||
| 082 | _aAGR HIE 2002 B061 Or.1 | ||
| 100 |
_91576 _aHIEV KONG |
||
| 245 | _aE'tude de l'influence des supplements d'huile ve'ge'tale dans l'alimentation des poulets de chair sur la cropissance, | ||
| 300 |
_aiii, 28p. _bill. _c29cm. |
||
| 942 |
_2ddc _cAGR |
||
| 999 |
_c1487 _d1487 |
||